Quizzes
Events
Quiz Creation
Community
Videos
Private Events
Remove Ads
Sign In
Join for FREE
Feedback
Dark Mode
Quiz Categories
Sports
Geography
Music
Movies
Television
Just For Fun
Miscellaneous
History
Literature
Language
Science
Gaming
Entertainment
Religion
Holiday
For Kids
Quiz Lab
Recent
Popular Today
Quiz Kudos Today
Editor Picks
Curator Picks
Quizzes by...
Day
Popularity
Type
Ratings
Length
Year
Community
Subscriptions
Recent Discussions
Orange Saloon
Badges
Playlists
Quests
Create
Leaderboards
Showdown
Live 5
Trivia Bingo
Activity
Puzzle Library
Sporcle Events
Private Events
Virtual Trivia
Globe League
Become a Host
Pub Owners
SporcleCon
Opinionation
Our Games
Videos
Blog
Mobile Apps
Partnerships
Remove Ads and Go Orange
Feedback
Holiday
Halloween
Christmas
Holiday Songs
April Fools'
Thanksgiving
Valentine's Day
Easter
St Patrick's Day
National Holiday
Religious Holiday
Holiday
Halloween
Christmas
Holiday Songs
April Fools'
Thanksgiving
Valentine's Day
Easter
St Patrick's Day
National Holiday
Religious Holiday
Random Quiz
Search Sporcle
×
Quiz Lab
Quiz Lab
Holiday
Christmas
Type in answers that appear in a list
Type in answers that appear in a list
Classic
Best Score? Go Orange.
Oh Holy Night Fill in the Blanks Stats
Can you name the answers to this classic Christmas carol?
By
stingray96
5m
36 Questions
207 Plays
207 Plays
207 Plays
Comments
Comments
Give Quiz Kudos
Give Quiz Kudos
-
- Ratings
hide this ad
Replay
Link that replays current quiz
Next Quiz
Link to next quiz in quiz playlist
You Got
0%
They Got
Avg Score
60%
Avg Friend Score
Upgrade to see
Score Distribution
Jump to the score distribution portion of the page
Score
0/36
Timer
05:00
0
Plays Today
Song
% Correct
The_
are brightly shining
stars
96.6%
It is the night of our dear savior's_
birth
92.3%
Fall on your_
knees
85.5%
Oh night_
divine
80.7%
Oh_
divine
night
80.7%
Oh night_
divine
80.7%
Oh holy night
78.3%
Long lay the world in sin and error pining
78.3%
Oh hear the angel voices
78.3%
Oh night divine
78.3%
Oh hear the angel voices
78.3%
Oh night divine
78.3%
Oh night divine
78.3%
Oh night divine
78.3%
Oh night divine
78.3%
_
night divine
oh
76.3%
_
night when Christ was born
Oh
76.3%
Oh night_
Christ was born
when
73.4%
Song
% Correct
Fall _
your knees
on
71.5%
A thrill of hope the weary_
rejoices
world
69.6%
For yonder breaks a new and_
morn
glorious
69.1%
Oh_
the angel voices
hear
66.7%
Oh night when_
was born
Christ
65.7%
Till he_
and the soul felt its worth
appeared
61.4%
_
on your knees
Fall
60.9%
Here come the_
men from Orient land
wise
38.2%
Truly he_
us to love one another
taught
34.8%
Chains shall he break for the slave is our_
brother
30.9%
_
by the light of faith serenly beaming
led
24.6%
With glowing_
by his cradle we stand
hearts
24.2%
The_
of_
lay thus in lowly manger
king
23.2%
_
all within us praise His holy name
Let
20.8%
Sweet_
of joy in grateful chorus raise we
hymns
17.4%
His_
is love and His gospel is peace
law
16.9%
So led by of a star sweetly_
gleaming
14%
In all our_
born to be our friend
trials
7.7%
Quiz Playlist
Details
Report
Send in Message
Add To Playlist
Classic:
Type in answers that appear in a list
Last Updated: Feb 16, 2017
Quiz Scoreboard
CHALLENGE
Sign Up to Join the Scoreboard
Show All
Scores
Hide
Comments
May contain spoilers
Recently Published
Pick 6: Fruits
by JohnFran
Miscellaneous
15s
Click the 1999 NBA Draft
by nibperrychub
Sports
2m
Alphabetical 'K' Countries by Flag Minefield
by ylime102
Geography
3m
More to Explore
Quiz From the Vault
Featured Blog Post
15 Basketball Trivia Facts You Can Be March Mad About
hide this ad
You Might Also Like...
Tags
Christianity Quiz
Christmas Quiz
Carol
Christian
Holy
night
Today's Top Quizzes in Holiday
Browse Holiday
hide this ad
Today's Top Quizzes in Christmas
Browse Christmas
Top Contributed Quizzes in Holiday
1
Pick 6: Halloween Costumes
2
Pick 6: Holidays
3
Pick 6: Christmas Villains
4
Pick 6: Christmas
5
7-to-1: Easter
6
Seasons Vowels
7
Spring Holidays Are Everywhere
8
Which Holiday II
9
One by One: Holiday
10
Pokémon on Easter
Explore More
Trending Topics
Disney
NBA
Anime
Crossword
Kpop
Harry Potter
Marvel
Puzzle
NFL
Soccer
Pokémon
Song
The Office
WWE
Country
hide this ad
More By:
stingray96
Quiz
Plays
Rating
Category
Featured
Created
Finish the Lyrics 2010
7,298
1.34
Music
Nov 25, 2010
Finish the Elf Quote
1,918
3.86
Movies
Nov 26, 2010
Bruno Mars: Count on Me Lyrics
1,805
2.15
Music
Jul 23, 2011
Finish the Taylor Swift Lyrics
699
4.00
Music
Jan 1, 2011
The Office Quotes
443
2.00
Television
Dec 19, 2010
Go to Creator's Profile
Score Distribution
Quiz Creator Spotlight
stingray96
Follow
Send a Message
Quizzes Created
-
Created Quiz Play Count
-
More By This Creator
Popular Quizzes Today
1
Countries of Asia Without Outlines Minefield
2
Find the US States - No Outlines Minefield
3
Pick 6: Fruits
4
Alphabetical 'K' Countries by Flag Minefield
5
The Countries of the World
6
Click the 1999 NBA Draft
7
Match the Book to the Film X
8
Find the US States
More Holiday Quizzes
Backward Hanukkah Match-Up
Published
Trending Quizzes
Pick 6: Harry Potter
Pick 6: Golfers
Donkey Kong Minefield
DC Extended Universe: Oldest to Newest
Multiplication Danger Zone
Recently Updated
Women's Final Four Teams by Year
bhenderson79
Presidents Quartet II
eogle
Anything But Clue(do)
eogle
Anything But Oceanian Capitals
eogle
Anything But 7
eogle
Anything But Thing
eogle
Word Ladder: February 29
pecheneg
Song Title Questions
pecheneg
Women's NCAA Tournament #1 Seeds
pecheneg
Celebrity Mug Shots
pecheneg
Trending Topics
Marvel
Kpop
Harry Potter
NBA
Anime
Crossword
Disney
WWE
Soccer
Pokémon
Song
The Office
NFL
Country
Puzzle
Your Account Isn't Verified!
In order to create a playlist on Sporcle, you need to verify the email address you used during registration. Go to your
Sporcle Settings
to finish the process.
Report this User
Report this user for behavior that violates our
Community Guidelines
.
Details:
Send Report
Go to the Sporcle.com Mobile Site →
Comments